<?xml version="1.0" encoding="UTF-8"?><marc:collection xmlns:marc="http://www.loc.gov/MARC21/slim">
  <marc:record>
    <marc:leader>00000nem  2200000zi 4500</marc:leader>
    <marc:controlfield tag="001">9.913675</marc:controlfield>
    <marc:controlfield tag="003">CaOODSP</marc:controlfield>
    <marc:controlfield tag="005">20251031142448</marc:controlfield>
    <marc:controlfield tag="006">m     o  c f      </marc:controlfield>
    <marc:controlfield tag="007">cr mn|||||||||</marc:controlfield>
    <marc:controlfield tag="008">220721t20222022onc    cc a  fo 0   eng d</marc:controlfield>
    <marc:datafield tag="034" ind1="1" ind2=" ">
      <marc:subfield code="a">a</marc:subfield>
      <marc:subfield code="b">1000000</marc:subfield>
      <marc:subfield code="d">W1330000</marc:subfield>
      <marc:subfield code="e">W1190000</marc:subfield>
      <marc:subfield code="f">N0660000</marc:subfield>
      <marc:subfield code="g">N0600000</marc:subfield>
    </marc:datafield>
    <marc:datafield tag="040" ind1=" " ind2=" ">
      <marc:subfield code="a">CaOODSP</marc:subfield>
      <marc:subfield code="b">eng</marc:subfield>
      <marc:subfield code="e">rda</marc:subfield>
      <marc:subfield code="c">CaOODSP</marc:subfield>
    </marc:datafield>
    <marc:datafield tag="043" ind1=" " ind2=" ">
      <marc:subfield code="a">n-cn-nt</marc:subfield>
    </marc:datafield>
    <marc:datafield tag="086" ind1="1" ind2=" ">
      <marc:subfield code="a">M183-2/8891E-PDF</marc:subfield>
    </marc:datafield>
    <marc:datafield tag="110" ind1="2" ind2=" ">
      <marc:subfield code="a">Geological Survey of Canada.</marc:subfield>
      <marc:subfield code="e">cartographer, </marc:subfield>
      <marc:subfield code="e">issuing body.</marc:subfield>
    </marc:datafield>
    <marc:datafield tag="245" ind1="1" ind2="0">
      <marc:subfield code="a">Glacial limits, Mackenzie Mountains and foothills, Northwest Territories, Canada / </marc:subfield>
      <marc:subfield code="c">A. Duk-Rodkin.</marc:subfield>
    </marc:datafield>
    <marc:datafield tag="255" ind1=" " ind2=" ">
      <marc:subfield code="a">Scale 1:1,000,000 ; </marc:subfield>
      <marc:subfield code="b">Lambert conformal conic projection </marc:subfield>
      <marc:subfield code="c">(W 133°--W 119°/N 66°--N 60°).</marc:subfield>
    </marc:datafield>
    <marc:datafield tag="264" ind1=" " ind2="1">
      <marc:subfield code="a">[Ottawa] : </marc:subfield>
      <marc:subfield code="b">Geological Survey of Canada = Commission géologique du Canada, </marc:subfield>
      <marc:subfield code="c">2022.</marc:subfield>
    </marc:datafield>
    <marc:datafield tag="264" ind1=" " ind2="4">
      <marc:subfield code="c">©2022</marc:subfield>
    </marc:datafield>
    <marc:datafield tag="300" ind1=" " ind2=" ">
      <marc:subfield code="a">1 online resource (1 map) : </marc:subfield>
      <marc:subfield code="b">colour.</marc:subfield>
    </marc:datafield>
    <marc:datafield tag="336" ind1=" " ind2=" ">
      <marc:subfield code="a">cartographic image</marc:subfield>
      <marc:subfield code="b">cri</marc:subfield>
      <marc:subfield code="2">rdacontent</marc:subfield>
    </marc:datafield>
    <marc:datafield tag="336" ind1=" " ind2=" ">
      <marc:subfield code="a">text</marc:subfield>
      <marc:subfield code="b">txt</marc:subfield>
      <marc:subfield code="2">rdacontent</marc:subfield>
    </marc:datafield>
    <marc:datafield tag="337" ind1=" " ind2=" ">
      <marc:subfield code="a">computer</marc:subfield>
      <marc:subfield code="b">c</marc:subfield>
      <marc:subfield code="2">rdamedia</marc:subfield>
    </marc:datafield>
    <marc:datafield tag="338" ind1=" " ind2=" ">
      <marc:subfield code="a">online resource</marc:subfield>
      <marc:subfield code="b">cr</marc:subfield>
      <marc:subfield code="2">rdacarrier</marc:subfield>
    </marc:datafield>
    <marc:datafield tag="490" ind1="1" ind2=" ">
      <marc:subfield code="a">Open file = </marc:subfield>
      <marc:subfield code="a">Dossier public ; </marc:subfield>
      <marc:subfield code="v">8891</marc:subfield>
    </marc:datafield>
    <marc:datafield tag="500" ind1=" " ind2=" ">
      <marc:subfield code="a">Shows glacial limits in the larger Mackenzie Mountains and foothills region, Northwest Territories, and includes landforms ranging from Paleocene to Quaternary age, compiled from various published and unpublished Geological Survey of Canada maps.</marc:subfield>
    </marc:datafield>
    <marc:datafield tag="500" ind1=" " ind2=" ">
      <marc:subfield code="a">Includes text, index map, and location map.</marc:subfield>
    </marc:datafield>
    <marc:datafield tag="500" ind1=" " ind2=" ">
      <marc:subfield code="a">"Geomatics and cartography by F. Hardjowirogo."</marc:subfield>
    </marc:datafield>
    <marc:datafield tag="500" ind1=" " ind2=" ">
      <marc:subfield code="a">"Datum: North American 1983."</marc:subfield>
    </marc:datafield>
    <marc:datafield tag="504" ind1=" " ind2=" ">
      <marc:subfield code="a">Includes bibliographical references.</marc:subfield>
    </marc:datafield>
    <marc:datafield tag="650" ind1=" " ind2="0">
      <marc:subfield code="a">Glacial landforms</marc:subfield>
      <marc:subfield code="z">Northwest Territories</marc:subfield>
      <marc:subfield code="v">Maps.</marc:subfield>
    </marc:datafield>
    <marc:datafield tag="650" ind1=" " ind2="0">
      <marc:subfield code="a">Géomorphologie glaciaire</marc:subfield>
      <marc:subfield code="z">Territoires du Nord-Ouest</marc:subfield>
      <marc:subfield code="v">Cartes.</marc:subfield>
    </marc:datafield>
    <marc:datafield tag="655" ind1=" " ind2="7">
      <marc:subfield code="a">Geological maps</marc:subfield>
      <marc:subfield code="2">lcgft</marc:subfield>
    </marc:datafield>
    <marc:datafield tag="655" ind1=" " ind2="7">
      <marc:subfield code="a">Digital maps</marc:subfield>
      <marc:subfield code="2">lcgft</marc:subfield>
    </marc:datafield>
    <marc:datafield tag="655" ind1=" " ind2="7">
      <marc:subfield code="a">Cartes géologiques</marc:subfield>
      <marc:subfield code="2">rvmgf</marc:subfield>
    </marc:datafield>
    <marc:datafield tag="655" ind1=" " ind2="7">
      <marc:subfield code="a">Cartes géographiques numériques</marc:subfield>
      <marc:subfield code="2">rvmgf</marc:subfield>
    </marc:datafield>
    <marc:datafield tag="700" ind1="1" ind2=" ">
      <marc:subfield code="a">Duk-Rodkin, Alejandra, </marc:subfield>
      <marc:subfield code="e">author.</marc:subfield>
    </marc:datafield>
    <marc:datafield tag="700" ind1="1" ind2=" ">
      <marc:subfield code="a">Hardjowirogo, F., </marc:subfield>
      <marc:subfield code="e">cartographer.</marc:subfield>
    </marc:datafield>
    <marc:datafield tag="830" ind1="#" ind2="0">
      <marc:subfield code="a">Open file (Geological Survey of Canada)</marc:subfield>
      <marc:subfield code="v">8891.</marc:subfield>
      <marc:subfield code="w">(CaOODSP)9.832719</marc:subfield>
    </marc:datafield>
    <marc:datafield tag="856" ind1="4" ind2="0">
      <marc:subfield code="q">PDF</marc:subfield>
      <marc:subfield code="s">17.83 MB</marc:subfield>
      <marc:subfield code="u">https://publications.gc.ca/collections/collection_2022/rncan-nrcan/m183-2/M183-2-8891-eng.pdf</marc:subfield>
      <marc:subfield code="z">(Open file)</marc:subfield>
    </marc:datafield>
    <marc:datafield tag="856" ind1="4" ind2=" ">
      <marc:subfield code="q">HTML</marc:subfield>
      <marc:subfield code="s">N/A</marc:subfield>
      <marc:subfield code="u">https://doi.org/10.4095/330011</marc:subfield>
      <marc:subfield code="z">(complete data set)</marc:subfield>
    </marc:datafield>
  </marc:record>
</marc:collection>
